Vocabulaire aléatoire en anglais - Statistiques

Statistiques générales
  • Ce quiz a été pris 68 fois
  • Le résultat moyen est 3 sur 15
Statistiques - réponses
Français Anglais % Correct
Serviette Towel
75%
Noyer Drown
51%
Amère Bitter
40%
Fureur Fury
29%
Censure Censorship
22%
Contre-pouvoir Counterpower
14%
Liberté d'expression Free speech
12%
Frontières Boundaries
11%
Proche Nearby
9%
Tapis de prière Prayer mat
8%
Difficile Tricky
3%
Flux Stream
2%
Attendre Awainting
0%
Faubourg Outskirt
0%
Sain Wholesome
0%
Aucun quiz correspondant
Distribution des résultats
% des personnes avec chaque résultat
Percentile par nombre de réponses
Votre historique - résultats
Vous n’avez pas pris ce quiz